Statistics for 2016 PDC European Darts Championships Participants

Click here to take the quiz!

General Stats

  • This quiz has been taken 15 times
  • The average score is 20 of 32

Answer Stats

RankCountryAnswer% Correct
19ScotlandGary Anderson
100%
4EnglandJames Wade
100%
20AustraliaKyle Anderson
100%
1NetherlandsMichael Van Gerwen
100%
11EnglandPhil Taylor
100%
17WalesGerwyn Price
92%
5BelgiumKim Huybrechts
92%
2AustriaMensur Suljovic
92%
9EnglandMichael Smith
92%
3ScotlandPeter Wright
92%
15Northern IrelandDaryl Gurney
83%
6EnglandDave Chisnall
83%
8NetherlandsJelle Klaasen
83%
26South AfricaDevon Petersen
75%
27GermanyMax Hopp
67%
22EnglandMervyn King
67%
21ScotlandRobert Thornton
67%
12EnglandTerry Jenkins
67%
28SpainCristo Reyes
58%
13EnglandIan White
50%
7EnglandAlan Norris
42%
10NetherlandsBenito Van De Pas
42%
16AustraliaSimon Whitlock
42%
14EnglandStephen Bunting
42%
32EnglandJamie Caven
33%
18EnglandJoe Cullen
33%
25NetherlandsJermaine Wattimena
25%
23EnglandSteve West
25%
30EnglandChris Dobey
17%
31EnglandJames Richardson
17%
24EnglandJames Wilson
17%
29EnglandJustin Pipe
17%

Score Distribution

Percentile by Number Answered

Percent of People with Each Score

Your Score History

You have not taken this quiz